| 000 | 00546nam a2200181Ia 4500 | ||
|---|---|---|---|
| 008 | 151018s9999 xx 000 0 und d | ||
| 082 |
_bRBASDV7387 _a891.463 |
||
| 100 | _aमृणालिनी जोशी | ||
| 245 | _aमुक्ताई | ||
| 250 | _b1 | ||
| 260 |
_bकेशरी प्रकाशन _c1971 |
||
| 300 | _a236 | ||
| 600 | _aमृणालिनी जोशी | ||
| 630 | _aमुक्ताई | ||
| 700 | _aमृणालिनी जोशी | ||
| 730 | _aमुक्ताई | ||
| 942 | _cBOOK | ||
| 999 |
_c1009755 _d1009752 |
||